[Event "10. Lichtenberger Sommer"]
[Site "Berlin"]
[Date "2011.08.17"]
[Round "5.34"]
[White "Guenther, Thomas"]
[Black "Grassi, Fabrizio"]
[Result "1-0"]
[WhiteElo "2132"]
[BlackElo "1960"]
[PlyCount "105"]
[EventDate "2011.??.??"]
[WhiteTeam "SV Senat (FV Schach)"]
[BlackTeam "SV Berlin-Friedrichstadt"]

1. d4 d5 2. c4 e6 3. Nc3 Nf6 4. cxd5 exd5 5. Bg5 Nbd7 6. e3 c6 7. Bd3 Be7 8.
Qc2 Nh5 9. Bxe7 Qxe7 10. Nge2 g6 11. O-O-O Nb6 12. h3 Bd7 13. g4 Ng7 14. Kb1
O-O-O 15. Nf4 Kb8 16. Rhg1 Rc8 17. Qb3 Qd6 18. Be2 Ne6 19. Nd3 Rhe8 20. a4 c5
21. dxc5 Nxc5 22. Nxc5 Qxc5 23. Rd4 Be6 24. Qb5 Qxb5 25. Bxb5 Red8 26. Rgd1 a6
27. Be2 Rd7 28. Bf3 Rc4 29. Be2 Rxd4 30. Rxd4 Nc8 31. Bf3 Ne7 32. b3 Nc6 33.
Rd3 Ne7 34. Kb2 Kc7 35. Ka3 b6 36. Be2 Kb7 37. f4 h6 38. Bf3 Kc7 39. a5 b5 40.
h4 Rd6 41. Ne2 Nc6 42. b4 Ne7 43. Nd4 Nc6 44. Rc3 Kb7 45. Nxc6 Rxc6 46. Rxc6
Kxc6 47. Kb2 Kd6 48. g5 hxg5 49. hxg5 Bd7 50. Kc3 Bf5 51. Kd4 Be6 52. Bg2 Kc6
53. Ke5 1-0

[Event "10. Lichtenberger Sommer"]
[Site "Berlin"]
[Date "2011.08.17"]
[Round "5.35"]
[White "Mai, Andreas"]
[Black "Elsing, Jan"]
[Result "1/2-1/2"]
[WhiteElo "1943"]
[BlackElo "2124"]
[PlyCount "24"]
[EventDate "2011.??.??"]
[WhiteTeam "SC Friesen Lichtenberg e.V."]
[BlackTeam "SC Friesen Lichtenberg e.V."]

1. e4 Nf6 2. e5 Nd5 3. d4 d6 4. Nf3 g6 5. c3 Bg7 6. Bc4 c6 7. Qb3 dxe5 8. Nxe5
Nd7 9. f4 f6 10. Nxd7 Qxd7 11. O-O O-O 12. Nd2 Kh8 1/2-1/2

[Event "10. Lichtenberger Sommer"]
[Site "Berlin"]
[Date "2011.08.17"]
[Round "5.36"]
[White "Schulz, Hartmut"]
[Black "Bruening, Wolfgang"]
[Result "1-0"]
[WhiteElo "2098"]
[BlackElo "1958"]
[PlyCount "65"]
[EventDate "2011.??.??"]
[WhiteTeam "SC Rotation Pankow e.V."]
[BlackTeam "Queer-Springer SSV Berlin"]

1. d4 Nf6 2. c4 g6 3. Nc3 d5 4. Bf4 Bg7 5. e3 O-O 6. Rc1 c6 7. Nf3 Bf5 8. Qb3
Qb6 9. Qa3 Na6 10. cxd5 Nb4 11. Bc7 Nc2+ 12. Rxc2 Qxc7 13. Rc1 cxd5 14. Be2 Ne4
15. O-O Nxc3 16. Rxc3 Qd7 17. Rfc1 Rfc8 18. h3 Rxc3 19. Rxc3 h5 20. Rc5 b6 21.
Rc3 f6 22. Ba6 Bf8 23. Qb3 e6 24. Nh4 Be4 25. f3 Bb1 26. Rc1 g5 27. Rxb1 gxh4
28. Rc1 Bd6 29. Qc2 Qg7 30. Bc8 Qg3 31. Bxe6+ Kh8 32. Kf1 Qh2 33. Qg6 1-0

[Event "10. Lichtenberger Sommer"]
[Site "Berlin"]
[Date "2011.08.17"]
[Round "5.37"]
[White "Keusch, Horst"]
[Black "Burger, Heinrich"]
[Result "0-1"]
[WhiteElo "2004"]
[BlackElo "2166"]
[PlyCount "144"]
[EventDate "2011.??.??"]
[WhiteTeam "SC Friesen Lichtenberg e.V."]
[BlackTeam "VfB Hermsdorf e.V."]

1. f4 g6 2. e4 c6 3. Nf3 d5 4. e5 h5 5. d4 Nh6 6. Bd3 Bf5 7. Bxf5 Nxf5 8. c3 e6
9. Ng5 c5 10. Qb3 Qd7 11. dxc5 Bxc5 12. Na3 Nc6 13. Bd2 a6 14. Rf1 O-O 15.
O-O-O Qc7 16. Kb1 b5 17. Rf3 Kg7 18. Ka1 Na5 19. Qc2 Bxa3 20. bxa3 Nd4 21. Qd3
Nxf3 22. Nxf3 Nc4 23. Bc1 Rac8 24. h3 Nb6 25. Bd2 Qc4 26. Qe3 Qa4 27. Qe2 Nc4
28. Be1 Nxa3 29. Nd4 Rc4 30. f5 Rxd4 31. cxd4 Nc2+ 32. Kb2 Nxd4 33. f6+ Kh7 34.
Qd3 Rc8 35. Bc3 Nf5 36. g4 Ng3 37. gxh5 Nxh5 38. Rg1 Qf4 39. Rg4 Qh2+ 40. Ka3
Rc4 41. Rxc4 bxc4 42. Qd4 Qc2 43. Kb4 Qxa2 44. Kc5 Qa4 45. Kd6 Qe8 46. Bd2 Qd8+
47. Kc6 a5 48. Qa7 Qe8+ 49. Kd6 Ng3 50. Bxa5 Nf5+ 51. Kc5 g5 52. Bd2 Kg6 53.
Kb4 Qf8+ 54. Kc3 Qh6 55. Kb4 Qxh3 56. Bc3 g4 57. Qa8 Qh7 58. Bd2 g3 59. Be1 g2
60. Bf2 Ng3 61. Qa1 Qh1 62. Qd4 Ne4 63. Bg1 Qh3 64. Be3 Qf3 65. Kb5 Qe2 66. Kc6
Qd3 67. Qa7 c3 68. Kd7 c2 69. Qa8 Qb5+ 70. Ke7 Qb4+ 71. Kd7 Kf5 72. Qg8 Qb7+
0-1

[Event "10. Lichtenberger Sommer"]
[Site "Berlin"]
[Date "2011.08.17"]
[Round "5.41"]
[White "Hülse, Max"]
[Black "Perestjuk, Marko"]
[Result "0-1"]
[WhiteElo "1445"]
[BlackElo "1964"]
[PlyCount "70"]
[EventDate "2011.??.??"]
[WhiteTeam "Forster Schachclub 95"]
[BlackTeam "SC Zitadelle Spandau 1977 e.V."]

1. d4 d5 2. Bf4 Nf6 3. Nf3 c5 4. e3 Nc6 5. c3 e6 6. Nbd2 Bd6 7. Bg3 O-O 8. Bd3
Qe7 9. Ne5 Nd7 10. f4 f6 11. Bxh7+ Kxh7 12. Qh5+ Kg8 13. Ng6 Qe8 14. Qh8+ Kf7
15. Nxf8 Qxf8 16. Qh5+ Kg8 17. Nf3 Qf7 18. Qxf7+ Kxf7 19. Bf2 b6 20. g4 Ba6 21.
Bg3 cxd4 22. exd4 e5 23. fxe5 fxe5 24. Nxe5+ Bxe5 25. dxe5 Ncxe5 26. O-O-O Bd3
27. Rhe1 Be4 28. Rf1+ Ke6 29. Bxe5 Nxe5 30. Rd2 g6 31. h3 Rh8 32. Rh2 Nxg4 33.
Re2 Rxh3 34. Rf4 Ne5 35. Kd2 Nf3+ 0-1

[Event "10. Lichtenberger Sommer"]
[Site "Berlin"]
[Date "2011.08.17"]
[Round "5.42"]
[White "Klyszcz, Michael"]
[Black "Wiemann, Lea"]
[Result "1/2-1/2"]
[WhiteElo "2064"]
[BlackElo "1518"]
[PlyCount "130"]
[EventDate "2011.??.??"]
[WhiteTeam "SG 1871 Löberitz"]
[BlackTeam "Queer-Springer SSV Berlin"]

1. d4 d5 2. c4 c6 3. Nc3 Nf6 4. Nf3 e6 5. Qc2 dxc4 6. a4 Nbd7 7. e3 Bb4 8. Bxc4
c5 9. O-O O-O 10. Bd3 Bxc3 11. bxc3 b6 12. e4 Bb7 13. Re1 Qc7 14. Qb1 Rfd8 15.
Bg5 h6 16. Bh4 Re8 17. Bg3 Qd8 18. h3 Rc8 19. a5 cxd4 20. cxd4 Rc3 21. Re3 Qc8
22. Qb2 Bxe4 23. Ba6 Rc2 24. Bxc8 Rxb2 25. Bxd7 Nxd7 26. Rxe4 Nf6 27. Ree1 Nd5
28. axb6 axb6 29. Rec1 b5 30. Rcb1 Rxb1+ 31. Rxb1 b4 32. Bd6 Rd8 33. Bc5 f6 34.
Rb3 Rb8 35. Ne1 e5 36. dxe5 fxe5 37. Bd6 Rb5 38. Bxe5 Kf7 39. Nd3 g6 40. Bd6
Ke6 41. Bf8 h5 42. Nxb4 Rb8 43. Ra3 Nxb4 44. Re3+ Kf7 45. Rf3+ Kg8 46. Bd6 Rb6
47. Bc5 Rb5 48. Rf8+ Kg7 49. Rc8 Nd5 50. Bd4+ Kf7 51. Rc5 Rxc5 52. Bxc5 Ke6 53.
Kh2 h4 54. g3 hxg3+ 55. Kxg3 Kf5 56. Bd6 g5 57. Kf3 Nf6 58. Ke3 Ke6 59. Bb8 Kf5
60. Kd4 Ne4 61. Bg3 Nxf2 62. Bxf2 Kf4 63. Be1 Kf3 64. Ke5 Kg2 65. h4 gxh4
1/2-1/2

[Event "10. Lichtenberger Sommer"]
[Site "Berlin"]
[Date "2011.08.17"]
[Round "5.43"]
[White "Pueschel, Werner"]
[Black "Lasschuit, Rene"]
[Result "1-0"]
[WhiteElo "2163"]
[BlackElo "1862"]
[PlyCount "95"]
[EventDate "2011.??.??"]
[WhiteTeam "SG Lasker Steglitz-Wilmersdorf"]
[BlackTeam "vereinslos"]

1. e4 Nf6 2. d3 d5 3. Nd2 e6 4. Be2 c5 5. Ngf3 Nc6 6. c3 b6 7. O-O Bb7 8. e5
Nd7 9. d4 Be7 10. b3 O-O 11. Bb2 f6 12. exf6 Bxf6 13. Qc2 Rc8 14. dxc5 bxc5 15.
Rad1 e5 16. h3 e4 17. Nh2 Qe7 18. Ng4 Bg5 19. Bb5 Nf6 20. Nxf6+ Bxf6 21. Rfe1
a6 22. Ba4 Ne5 23. Re2 Nd3 24. Ba1 Bh4 25. g3 Qg5 26. Nf1 Nf4 27. Kh2 Nxe2 28.
Qxe2 Qe5 29. f4 Rxf4 30. gxf4 Qxf4+ 31. Kg1 Qg5+ 32. Qg4 Qxg4+ 33. hxg4 Bg5 34.
Bb2 Rd8 35. Ng3 Be3+ 36. Kh2 d4 37. b4 d3 38. Bb3+ Bd5 39. Bxd5+ Rxd5 40. Nxe4
cxb4 41. cxb4 Bd4 42. Bc1 Re5 43. Ng3 Rd5 44. Kg2 Bc3 45. Bd2 Bxd2 46. Rxd2 Rd4
47. Kf3 Rxb4 48. Rxd3 1-0

[Event "10. Lichtenberger Sommer"]
[Site "Berlin"]
[Date "2011.08.17"]
[Round "5.44"]
[White "Arnold, Rouven"]
[Black "Gress, Alexander"]
[Result "1-0"]
[WhiteElo "1799"]
[BlackElo "2061"]
[PlyCount "65"]
[EventDate "2011.??.??"]
[WhiteTeam "Schachverein Grünfeld e.V."]
[BlackTeam "SC Caissa Schwarzenbach"]

1. e4 c5 2. Nf3 d6 3. d4 cxd4 4. Nxd4 Nf6 5. Nc3 a6 6. h3 e6 7. g4 h6 8. Bg2
Qc7 9. Be3 Bd7 10. Qd2 Nc6 11. Nxc6 Bxc6 12. f4 Be7 13. Qf2 Nd7 14. O-O-O b5
15. Ne2 Nc5 16. Bxc5 dxc5 17. e5 O-O 18. h4 Rad8 19. Rde1 Bxg2 20. Qxg2 Qa5 21.
Kb1 c4 22. g5 h5 23. g6 Rd2 24. Qe4 Bc5 25. Rhf1 Rc8 26. gxf7+ Kxf7 27. f5 c3
28. fxe6+ Kg8 29. Nxc3 Bb4 30. Qg6 Qc7 31. Rf7 Bf8 32. Rxc7 Rxc7 33. Ne4 1-0

[Event "10. Lichtenberger Sommer"]
[Site "Berlin"]
[Date "2011.08.17"]
[Round "5.45"]
[White "Stucki, Ramon"]
[Black "Schlüter, Bernd"]
[Result "0-1"]
[WhiteElo "1964"]
[BlackElo "1987"]
[PlyCount "76"]
[EventDate "2011.??.??"]
[WhiteTeam "Thun SK"]
[BlackTeam "SV Rochade Potsdam-West e.V."]

1. e4 d6 2. d4 Nf6 3. Nc3 g6 4. f4 Bg7 5. Nf3 O-O 6. Bd3 Na6 7. a3 c5 8. d5 Nc7
9. O-O Rb8 10. a4 b6 11. Ne2 a6 12. Ng3 b5 13. axb5 axb5 14. c3 b4 15. c4 Bg4
16. h3 Bxf3 17. Qxf3 Nd7 18. h4 e6 19. Qg4 exd5 20. exd5 f5 21. Qh3 Nf6 22. h5
Ng4 23. Nxf5 gxf5 24. Bxf5 Bd4+ 25. Kh1 Nf2+ 26. Rxf2 Bxf2 27. g3 Qf6 28. Bc2
Rbe8 29. Kg2 Bd4 30. Bd3 Bxb2 31. Ra7 Bxc1 32. Rxc7 Re7 33. Rxe7 Qxe7 34. Qg4+
Kh8 35. h6 Bb2 36. Bf5 Bd4 37. Be6 b3 38. Qe2 b2 0-1

[Event "10. Lichtenberger Sommer"]
[Site "Berlin"]
[Date "2011.08.17"]
[Round "5.46"]
[White "Pichler, Gerhard"]
[Black "Stiefel, Roland"]
[Result "0-1"]
[WhiteElo "1818"]
[BlackElo "2064"]
[PlyCount "103"]
[EventDate "2011.??.??"]
[WhiteTeam "Polizeisportverein Tirol"]
[BlackTeam "SSV Vimaria 91 Weimar"]

1. c4 c5 2. g3 Nf6 3. Bg2 e6 4. Nc3 Nc6 5. e3 d5 6. cxd5 exd5 7. d3 Be7 8. Nge2
O-O 9. O-O Bg4 10. h3 Be6 11. Nf4 Qd7 12. e4 d4 13. Nce2 b5 14. b3 Rad8 15.
Nxe6 fxe6 16. f4 c4 17. a3 Na5 18. b4 cxd3 19. Qxd3 Nc4 20. e5 Nd5 21. Qxd4 Qc7
22. Qe4 a5 23. Kh2 axb4 24. axb4 Bxb4 25. Nd4 Qb6 26. f5 Nc3 27. Qc6 Qxd4 28.
Qxe6+ Rf7 29. Bg5 Rdf8 30. Rae1 Qd7 31. Qxd7 Rxd7 32. e6 Ra7 33. e7 Re8 34. Bc6
Rexe7 35. Bxe7 Bxe7 36. Ra1 Rxa1 37. Rxa1 b4 38. Rc1 Bg5 39. Bd5+ Nxd5 40. Rxc4
Be7 41. Rd4 Nb6 42. Rd3 Kf7 43. Kg2 Na4 44. Kf3 Nc5 45. Rd1 b3 46. Ke3 Bf6 47.
Rb1 b2 48. g4 Be5 49. Kd2 Bf4+ 50. Kc2 Bc1 51. Rxc1 bxc1=Q+ 52. Kxc1 0-1

[Event "10. Lichtenberger Sommer"]
[Site "Berlin"]
[Date "2011.08.17"]
[Round "5.47"]
[White "Bergmann, Jens"]
[Black "Rosebrock, Timotej Alexander"]
[Result "1/2-1/2"]
[WhiteElo "1952"]
[BlackElo "1934"]
[PlyCount "75"]
[EventDate "2011.??.??"]
[WhiteTeam "SK Tempelhof 1931 e.V."]
[BlackTeam "Basel SG"]

1. e4 e5 2. g3 Nf6 3. Bg2 d5 4. exd5 Nxd5 5. Ne2 Nc6 6. d3 Bc5 7. O-O O-O 8. h3
Be6 9. Nbc3 Qd7 10. Kh2 Rad8 11. Ne4 Bb6 12. a3 a5 13. Bd2 h6 14. Qc1 f5 15.
N4c3 Nxc3 16. Bxc3 Bd5 17. f3 Rfe8 18. b3 Nd4 19. Nxd4 exd4 20. Bd2 Re2 21. Qd1
Rde8 22. Kg1 Qd6 23. Be1 g5 24. b4 axb4 25. axb4 Qc6 26. Bd2 g4 27. Rf2 Bxf3
28. Rxe2 Rxe2 29. Qxe2 Bxe2 30. Bxc6 bxc6 31. hxg4 fxg4 32. Bxh6 Kf7 33. Kf2
Bf3 34. Bf4 Ke6 35. Ke1 Kd5 36. Kd2 c5 37. bxc5 Kxc5 38. Ra4 1/2-1/2

[Event "10. Lichtenberger Sommer"]
[Site "Berlin"]
[Date "2011.08.17"]
[Round "5.48"]
[White "Pouydesseau, Mathieu"]
[Black "Weichlein, Paul"]
[Result "0-1"]
[WhiteElo "1774"]
[BlackElo "1973"]
[PlyCount "82"]
[EventDate "2011.??.??"]
[WhiteTeam "SV Berlin-Friedrichstadt"]
[BlackTeam "SAbt TSV Haunstetten"]

1. c4 Nf6 2. e3 g6 3. Nc3 Bg7 4. Nf3 O-O 5. Qc2 d6 6. Be2 Nc6 7. a3 Bf5 8. d3
e5 9. h3 Re8 10. g4 e4 11. dxe4 Bxe4 12. Nxe4 Nxe4 13. O-O Qd7 14. Nd2 Ng5 15.
Kg2 Ne5 16. f3 Nc6 17. Nb3 a5 18. Qd1 Qe7 19. Rf2 Ne6 20. Rb1 Qh4 21. f4 g5 22.
f5 Nc5 23. Nxc5 dxc5 24. Bd2 Rad8 25. Qe1 Be5 26. Rf3 Qh6 27. Bc3 Bd6 28. Rd1
Ne5 29. Bxe5 Rxe5 30. Rd5 Re7 31. Qc3 Rde8 32. f6 Re4 33. Bd1 Qh4 34. Bc2 h5
35. Bxe4 Rxe4 36. Rxd6 cxd6 37. gxh5 Rxc4 38. Qd3 Rc1 39. Qd2 Qc4 40. Rf2 Qe4+
41. Kh2 Rh1+ 0-1

[Event "10. Lichtenberger Sommer"]
[Site "Berlin"]
[Date "2011.08.17"]
[Round "5.49"]
[White "Dreke, Frank"]
[Black "Schueler, Wolfgang"]
[Result "1-0"]
[WhiteElo "2030"]
[BlackElo "1939"]
[PlyCount "31"]
[EventDate "2011.??.??"]
[WhiteTeam "Treptower SV 1949 e.V."]
[BlackTeam "SC Friesen Lichtenberg e.V."]

1. e4 e5 2. Nf3 Nc6 3. d4 exd4 4. Bc4 Bb4+ 5. c3 dxc3 6. O-O c2 7. Qxc2 d6 8.
a3 Bc5 9. b4 Nd4 10. Qd3 Qf6 11. bxc5 dxc5 12. Nxd4 Qxd4 13. Qb3 Qd7 14. Bg5
Ne7 15. Bxf7+ Kf8 16. Rd1 1-0

[Event "10. Lichtenberger Sommer"]
[Site "Berlin"]
[Date "2011.08.17"]
[Round "5.50"]
[White "Koerner, Helmut"]
[Black "Frey, Matthias"]
[Result "1/2-1/2"]
[WhiteElo "1933"]
[BlackElo "1948"]
[PlyCount "54"]
[EventDate "2011.??.??"]
[WhiteTeam "Sfr.Nord-Ost Berlin"]
[BlackTeam "Münsingen"]

1. b4 e5 2. Bb2 Bxb4 3. Bxe5 Nf6 4. Nc3 c6 5. a3 Be7 6. e3 O-O 7. Nf3 d5 8. Be2
Nbd7 9. O-O Nxe5 10. Nxe5 Bxa3 11. Nxc6 bxc6 12. Rxa3 Qe7 13. Qa1 Bf5 14. d3
Rfb8 15. Rb1 Rxb1+ 16. Nxb1 Rb8 17. Nd2 Rb7 18. Nf3 Bg4 19. h3 Bh5 20. Ra5 Qc7
21. Ra6 Bxf3 22. gxf3 Nd7 23. Qd4 h5 24. f4 Nf6 25. Bf3 Rb6 26. Rxb6 axb6 27.
Qa4 c5 1/2-1/2

[Event "10. Lichtenberger Sommer"]
[Site "Berlin"]
[Date "2011.08.17"]
[Round "5.51"]
[White "Strehlow, Horst"]
[Black "Kuebart, Thore"]
[Result "1-0"]
[WhiteElo "2074"]
[BlackElo "1868"]
[PlyCount "73"]
[EventDate "2011.??.??"]
[WhiteTeam "SC Friesen Lichtenberg e.V."]
[BlackTeam "SV Königsjäger Süd-West e.V."]

1. e4 e5 2. Nf3 Nc6 3. Bb5 a6 4. Ba4 b5 5. Bb3 Be7 6. O-O Nf6 7. Re1 O-O 8. a4
Bb7 9. axb5 axb5 10. Rxa8 Qxa8 11. d3 d6 12. Nc3 Na7 13. Bg5 b4 14. Ne2 c5 15.
Ng3 Qd8 16. Nf5 Bc8 17. Nxe7+ Qxe7 18. h3 Be6 19. Bxe6 Qxe6 20. Qa1 Nc6 21. Qa6
Ne7 22. Nd2 h6 23. Be3 Ng6 24. Nc4 Rd8 25. Qb6 Rd7 26. Ra1 Nf4 27. Ra8+ Kh7 28.
Kf1 h5 29. Qb8 Nxh3 30. gxh3 Qxh3+ 31. Ke2 Qg4+ 32. Kd2 h4 33. Nxd6 h3 34. b3
Qg2 35. Nf5 Nh5 36. Qh8+ Kg6 37. Nh4+ 1-0

[Event "10. Lichtenberger Sommer"]
[Site "Berlin"]
[Date "2011.08.17"]
[Round "5.52"]
[White "Lehmann, Patricia"]
[Black "Kievelitz, Bernd"]
[Result "0-1"]
[WhiteElo "1601"]
[BlackElo "2070"]
[PlyCount "84"]
[EventDate "2011.??.??"]
[WhiteTeam "SG 1871 Löberitz"]
[BlackTeam "SC Zitadelle Spandau 1977 e.V."]

1. d4 Nf6 2. c4 e6 3. Nf3 b6 4. g3 Bb7 5. Bg2 Be7 6. O-O O-O 7. Nc3 Ne4 8. Qc2
Nxc3 9. Qxc3 f5 10. Bf4 Bf6 11. Qd2 Be4 12. d5 Bxf3 13. Bxf3 e5 14. Be3 d6 15.
Bg2 Nd7 16. Rab1 a5 17. a3 a4 18. Qc2 g6 19. Bd2 e4 20. Bc3 Bxc3 21. Qxc3 Nc5
22. f3 exf3 23. exf3 Qd7 24. Rfe1 Rae8 25. Rbd1 Qg7 26. Qd2 Qd7 27. Bf1 Rf7 28.
Rxe8+ Qxe8 29. Re1 Re7 30. Rxe7 Qxe7 31. Qe2 Qe5 32. Qxe5 dxe5 33. Kf2 Kf7 34.
Ke3 Kf6 35. h4 h6 36. g4 f4+ 37. Ke2 g5 38. hxg5+ Kxg5 39. Bg2 Kh4 40. Kf1 Kg3
41. Kg1 Nd3 42. Bf1 Ne1 0-1

[Event "10. Lichtenberger Sommer"]
[Site "Berlin"]
[Date "2011.08.17"]
[Round "5.53"]
[White "Kuehnemund, Lutz"]
[Black "Ziems, Michael"]
[Result "1/2-1/2"]
[WhiteElo "2081"]
[BlackElo "1795"]
[PlyCount "39"]
[EventDate "2011.??.??"]
[WhiteTeam "SC Friesen Lichtenberg e.V."]
[BlackTeam "SV Empor Berlin e.V."]

1. b4 e6 2. Bb2 Nf6 3. a3 d5 4. e3 Be7 5. c4 dxc4 6. Bxc4 O-O 7. Nf3 b6 8. O-O
Bb7 9. d4 Nbd7 10. Nbd2 a5 11. b5 c5 12. a4 Rc8 13. Rc1 Nd5 14. Bd3 Nb4 15. Bb1
Nf6 16. dxc5 Bxc5 17. Nb3 Be7 18. Nbd4 Nfd5 19. Ne5 Bf6 20. Ndc6 1/2-1/2

[Event "10. Lichtenberger Sommer"]
[Site "Berlin"]
[Date "2011.08.17"]
[Round "5.54"]
[White "Muskewitz, Bernd"]
[Black "Gretzer, Marcus"]
[Result "1-0"]
[WhiteElo "1998"]
[BlackElo "1748"]
[PlyCount "109"]
[EventDate "2011.??.??"]
[WhiteTeam "TSG Oberschöneweide e.V."]
[BlackTeam "SC Kitzingen von 1905"]

1. d4 Nf6 2. c4 g6 3. Nc3 d5 4. cxd5 Nxd5 5. Nf3 Bg7 6. e4 Nxc3 7. bxc3 c5 8.
Bc4 O-O 9. h3 e6 10. O-O Qa5 11. Bd2 b5 12. Be2 Bb7 13. e5 Nc6 14. Rb1 a6 15.
a4 c4 16. axb5 axb5 17. Bxc4 Ba6 18. Bxb5 Bxb5 19. c4 Ba4 20. Bxa5 Bxd1 21.
Rfxd1 Rxa5 22. Rb6 Rc8 23. Rdb1 Ra4 24. Rc1 Rb4 25. Rxb4 Nxb4 26. Kf1 f6 27.
Ke2 fxe5 28. Nxe5 Bxe5 29. dxe5 Rc5 30. f4 g5 31. g3 gxf4 32. gxf4 Nd5 33. Rg1+
Kf7 34. cxd5 Rxd5 35. Ke3 Ra5 36. Rd1 Kg6 37. Rg1+ Kf7 38. Kf3 Ra8 39. Rg5 h6
40. Rg3 Ra7 41. Kg4 Ra4 42. h4 Kg6 43. h5+ Kf7 44. Rb3 Ra7 45. Rb4 Rc7 46. f5
exf5+ 47. Kxf5 Ra7 48. Rb6 Kg7 49. Rg6+ Kh7 50. Kf6 Ra2 51. e6 Rf2+ 52. Ke5 Rh2
53. e7 Re2+ 54. Kd6 Rd2+ 55. Ke6 1-0

[Event "10. Lichtenberger Sommer"]
[Site "Berlin"]
[Date "2011.08.17"]
[Round "5.55"]
[White "Ritter, Uwe"]
[Black "Barwich, Andreas"]
[Result "1-0"]
[WhiteElo "1733"]
[BlackElo "1963"]
[PlyCount "85"]
[EventDate "2011.??.??"]
[WhiteTeam "Reideburger SV 90 Halle"]
[BlackTeam "SV Berolina Mitte e.V."]

1. f4 d5 2. Nf3 Nf6 3. e3 g6 4. d4 Bg7 5. Bd3 c5 6. c3 c4 7. Bc2 O-O 8. O-O Bg4
9. Nbd2 e6 10. e4 dxe4 11. Nxe4 Nd5 12. Qe1 Nd7 13. Ne5 Nxe5 14. fxe5 Bf5 15.
Qe2 b5 16. Nd6 a6 17. a3 Bxc2 18. Qxc2 f6 19. exf6 Qxd6 20. fxg7 Rxf1+ 21. Kxf1
Qxh2 22. Qe4 Kxg7 23. Ke2 Qh5+ 24. Qf3 Qf5 25. Qxf5 exf5 26. Bd2 Re8+ 27. Kf3
h6 28. a4 g5 29. axb5 axb5 30. Ra7+ Re7 31. Ra6 Rb7 32. Rc6 Rb6 33. Rc5 Ne7 34.
Be3 Rb7 35. d5 Kf7 36. d6 Ng6 37. Rxf5+ Ke6 38. Ke4 Nh4 39. Rf2 b4 40. Bc5 bxc3
41. bxc3 Rf7 42. Rxf7 Kxf7 43. d7 1-0

[Event "10. Lichtenberger Sommer"]
[Site "Berlin"]
[Date "2011.08.17"]
[Round "5.57"]
[White "Casny, Guenter"]
[Black "Barwich, Alfred"]
[Result "0-1"]
[WhiteElo "1865"]
[BlackElo "1959"]
[PlyCount "96"]
[EventDate "2011.??.??"]
[WhiteTeam "SC Rochade e.V."]
[BlackTeam "SV Berolina Mitte e.V."]

1. d4 d6 2. e3 g6 3. Bd3 Bg7 4. Nf3 Nd7 5. O-O c5 6. c3 a6 7. a4 Qc7 8. Nbd2 d5
9. Re1 c4 10. Bc2 f5 11. Nf1 Ngf6 12. Ng3 O-O 13. Bd2 Ne4 14. Re2 Rb8 15. Be1
Ndf6 16. Ne5 Nxg3 17. hxg3 Be6 18. Qc1 Nd7 19. Nxd7 Bxd7 20. f4 h5 21. Bf2 Bf6
22. Re1 Kg7 23. Kf1 b5 24. axb5 axb5 25. Qd2 Rb7 26. Reb1 Ra7 27. Qc1 Rfa8 28.
Bd1 e6 29. Ke2 Be7 30. Kd2 b4 31. Be1 Ra2 32. Rxa2 Rxa2 33. Ke2 Qa5 34. Kf1 b3
35. Bf3 Be8 36. Qd1 Bf7 37. Be2 Qd8 38. Qc1 g5 39. Qd1 g4 40. Bf2 Bg6 41. Qe1
Qa5 42. Qc1 Bf7 43. Be1 Ba3 44. bxa3 Rc2 45. Qd1 Qxa3 46. Bd2 Qa2 47. Ra1 Rxd2
48. Qe1 Rxe2 0-1

[Event "10. Lichtenberger Sommer"]
[Site "Berlin"]
[Date "2011.08.17"]
[Round "5.58"]
[White "Reiche, Andreas"]
[Black "George, Tom"]
[Result "1/2-1/2"]
[WhiteElo "1848"]
[BlackElo "1839"]
[PlyCount "63"]
[EventDate "2011.??.??"]
[WhiteTeam "SV Berolina Mitte e.V."]
[BlackTeam "SG Blau-Weiß Stadtilm"]

1. e4 c5 2. Nf3 d6 3. b3 Nf6 4. Nc3 Nc6 5. Bb2 e6 6. g3 a6 7. a4 Be7 8. Bg2 O-O
9. O-O Qc7 10. d3 b6 11. d4 cxd4 12. Nxd4 Bb7 13. Nxc6 Bxc6 14. Qd4 Rfd8 15.
Kh1 d5 16. exd5 Bc5 17. Qc4 Nxd5 18. Nxd5 Bxd5 19. Bxd5 Rxd5 20. Qe2 Rad8 21.
Rad1 Rxd1 22. Rxd1 Rxd1+ 23. Qxd1 Bxf2 24. Qf3 Qc5 25. Kg2 Be3 26. Qa8+ Qf8 27.
Qxa6 Qd8 28. Kf3 Bc5 29. Qd3 Qg5 30. Bc3 e5 31. Qe4 Qf6+ 32. Kg2 1/2-1/2

[Event "10. Lichtenberger Sommer"]
[Site "Berlin"]
[Date "2011.08.17"]
[Round "5.60"]
[White "Schrodt, Horst"]
[Black "Getzuhn, Detlef"]
[Result "1/2-1/2"]
[WhiteElo "1709"]
[BlackElo "1931"]
[PlyCount "104"]
[EventDate "2011.??.??"]
[WhiteTeam "SC Eintracht Berlin e.V."]
[BlackTeam "SV Senat (FV Schach)"]

1. d4 g6 2. c4 Bg7 3. Nf3 d6 4. Nc3 Nd7 5. Bf4 e5 6. dxe5 dxe5 7. Bg3 Ne7 8. e4
O-O 9. Qc2 c6 10. Rd1 f6 11. Be2 Qe8 12. b4 a5 13. a3 axb4 14. axb4 f5 15. exf5
gxf5 16. h3 Ng6 17. O-O e4 18. Nd4 Nde5 19. f4 exf3 20. Nxf3 f4 21. Bf2 Bf5 22.
Qb3 Nxf3+ 23. Bxf3 Ne5 24. Bc5 Rf6 25. Be4 Be6 26. Bd3 Nxd3 27. Rxd3 Qf7 28.
Qd1 Rg6 29. Rd8+ Rxd8 30. Qxd8+ Bf8 31. Qxf8+ Qxf8 32. Bxf8 Kxf8 33. Rxf4+ Kg7
34. Kf2 Rf6 35. Rxf6 Kxf6 36. c5 Ke5 37. Ke3 h5 38. Ne4 Bd5 39. Nd6 Bxg2 40.
Nxb7 Bxh3 41. Kf2 h4 42. Nd6 Kd4 43. Kf3 Bd7 44. Kf4 h3 45. Kg3 Kc3 46. b5 cxb5
47. Nxb5+ Kb4 48. c6 Be6 49. Na7 Kc5 50. c7 Kb6 51. c8=Q Bxc8 52. Nxc8+ Kc7
1/2-1/2

[Event "10. Lichtenberger Sommer"]
[Site "Berlin"]
[Date "2011.08.17"]
[Round "5.61"]
[White "Oppermann, Peter"]
[Black "Kohlmeyer, Dagobert"]
[Result "1/2-1/2"]
[WhiteElo "2000"]
[BlackElo "1879"]
[PlyCount "113"]
[EventDate "2011.??.??"]
[WhiteTeam "SK Tempelhof 1931 e.V."]
[BlackTeam "SC Rochade e.V."]

1. d4 Nf6 2. Nf3 g6 3. e3 Bg7 4. Bd3 d5 5. Nbd2 O-O 6. O-O Bg4 7. h3 Bxf3 8.
Qxf3 Nc6 9. c4 e5 10. cxd5 Qxd5 11. Qxd5 Nxd5 12. Be4 Rad8 13. dxe5 Nxe5 14.
Nf3 Nxf3+ 15. Bxf3 c6 16. e4 Nb4 17. Be3 Nc2 18. Bc5 Nxa1 19. Bxf8 Kxf8 20.
Rxa1 Rd2 21. Rb1 Bxb2 22. Kf1 a5 23. Rd1 Rxd1+ 24. Bxd1 Ke7 25. Ke2 Bc1 26. Kd3
f6 27. Kc2 Ba3 28. Kb3 Bc5 29. f3 Kd6 30. Kc4 b5+ 31. Kd3 Ke5 32. a4 Kf4 33.
Ke2 h5 34. Bb3 h4 35. Bf7 Kg3 36. Kf1 g5 37. Be8 bxa4 38. Bxc6 a3 39. Bd5 Kf4
40. Ke2 Ke5 41. Kd3 f5 42. Ba2 Bb4 43. exf5 Kxf5 44. Bc4 Kf4 45. Ke2 Bc5 46.
Ba2 Ke5 47. Kd3 Bd4 48. Bg8 Bb2 49. Ba2 Kf5 50. Bg8 Kf4 51. Ke2 Bd4 52. Ba2 Bc3
53. Bg8 Kg3 54. Kf1 Kf4 55. Ke2 Ke5 56. Kd3 Bb4 57. Ba2 1/2-1/2

[Event "10. Lichtenberger Sommer"]
[Site "Berlin"]
[Date "2011.08.17"]
[Round "5.62"]
[White "Bockelmann, Rolf"]
[Black "Axmann, Steffen"]
[Result "1/2-1/2"]
[WhiteElo "1820"]
[BlackElo "1893"]
[PlyCount "29"]
[EventDate "2011.??.??"]
[WhiteTeam "SV Senat (FV Schach)"]
[BlackTeam "Sfr.Nord-Ost Berlin"]

1. e4 Nf6 2. Bc4 Nxe4 3. Bxf7+ Kxf7 4. Qh5+ g6 5. Qd5+ e6 6. Qxe4 Bg7 7. d3 Rf8
8. Nf3 c5 9. Nc3 d5 10. Qf4+ Kg8 11. Qg3 e5 12. O-O Nc6 13. Bg5 Qd7 14. Rfe1
Re8 15. a3 1/2-1/2

[Event "10. Lichtenberger Sommer"]
[Site "Berlin"]
[Date "2011.08.17"]
[Round "5.63"]
[White "Lieder, Guenter"]
[Black "Krueger, Ekkehard"]
[Result "1-0"]
[WhiteElo "1847"]
[BlackElo "1878"]
[PlyCount "65"]
[EventDate "2011.??.??"]
[WhiteTeam "SK Turm Bad Hersfeld"]
[BlackTeam "SG Narva Berlin e.V."]

1. e4 c5 2. Nf3 e6 3. c3 Nc6 4. g3 Be7 5. Bg2 Nf6 6. d3 O-O 7. O-O Qc7 8. Na3
a6 9. Nc2 d5 10. exd5 Nxd5 11. d4 Rd8 12. Qe2 b5 13. Re1 Bb7 14. Bg5 Bxg5 15.
Nxg5 cxd4 16. cxd4 Nf6 17. Rad1 h6 18. Nf3 Ne7 19. Rc1 Qa5 20. a3 Rac8 21. Ne5
Bd5 22. Bxd5 Nfxd5 23. Ne3 Qb6 24. Rxc8 Rxc8 25. Rd1 a5 26. Qf3 Nf6 27. N3g4
Ned5 28. Nxf6+ Nxf6 29. g4 Rc2 30. Qa8+ Kh7 31. Nxf7 Rxb2 32. Qh8+ Kg6 33. Ne5+
1-0